Geography Quiz

Random Geography or Food Quiz

Something smells fishy! Quiz Stats

Quiz not verified by Sporcle

Challenge
Share
Tweet
Embed
Score 0/50 Timer 06:00
0 Plays Today
Country % Correct
Japan
93.1%
Norway
77.8%
South Korea
70.2%
Iceland
68.5%
France
67.3%
Spain
66.9%
Portugal
59.3%
Mongolia
56.9%
Iraq
54.4%
Fiji
53.6%
Malaysia
52%
Afghanistan
49.2%
Samoa
48.4%
Pakistan
48%
Singapore
47.2%
Niger
46.8%
Nepal
45.6%
Sudan
44%
Kiribati
41.9%
Uzbekistan
41.9%
Rwanda
41.5%
Ethiopia
41.5%
Palau
41.1%
Kyrgyzstan
41.1%
Micronesia
40.7%
Country % Correct
Tajikistan
40.7%
Tuvalu
40.3%
Maldives
39.1%
Seychelles
39.1%
Solomon Islands
39.1%
Bhutan
37.1%
Barbados
32.3%
Burma
32.3%
Bolivia
31.5%
Burundi
31%
Azerbaijan
31%
Lesotho
31%
Syria
29.8%
Armenia
28.2%
Eritrea
27.8%
Burkina Faso
27%
Djibouti
25.8%
Zimbabwe
23.4%
Grenada
23%
Antigua and Barbuda
21%
Lithuania
21%
Saint Lucia
19.4%
Gabon
17.7%
Guatemala
13.3%
Guinea-Bissau
13.3%

You're not logged in!

Compare scores with friends on all Sporcle quizzes.
Sign Up with Email
OR
Log In

You Might Also Like...

Show Comments

Extras

Top Quizzes Today


Score Distribution

Your Account Isn't Verified!

In order to create a playlist on Sporcle, you need to verify the email address you used during registration. Go to your Sporcle Settings to finish the process.

Report this User

Report this user for behavior that violates our Community Guidelines.

Details: